ՀՀ Գիտությունների ազգային ակադեմիայի հիմնարար գիտական գրադարան  =   Fundamental Scientific Library of NAS RA

Проблема свойства : (Record no. 137348)

MARC details
000 -LEADER
fixed length control field 00929nam a2200229 a 4500
001 - CONTROL NUMBER
control field 000359066
003 - CONTROL NUMBER IDENTIFIER
control field AM-YeHGA
005 - DATE AND TIME OF LATEST TRANSACTION
control field 20250618072230.0
008 - FIXED-LENGTH DATA ELEMENTS--GENERAL INFORMATION
fixed length control field 040906s1978 ai r 000 0 rus d
040 ## - CATALOGING SOURCE
Original cataloging agency AM-YeHGA
041 0# - LANGUAGE CODE
Language code of text/sound track or separate title rus
090 ## - LOCALLY ASSIGNED LC-TYPE CALL NUMBER (OCLC); LOCAL CALL NUMBER (RLIN)
-- 138720
100 1# - MAIN ENTRY--PERSONAL NAME
Personal name Սարգսյան, Սարգիս Դոնիկի,
Dates associated with a name 1932-
9 (RLIN) 9090
245 10 - TITLE STATEMENT
Title Проблема свойства :
Remainder of title (Теория свойства): Монография /
Statement of responsibility, etc. С.Д. Саркисян ; Ред. Р.З. Джиджян ; ЕГУ.
260 ## - PUBLICATION, DISTRIBUTION, ETC.
Place of publication, distribution, etc. Ереван :
Name of publisher, distributor, etc. Изд-во Ереванского ун-та,
Date of publication, distribution, etc. 1978.
300 ## - PHYSICAL DESCRIPTION
Extent 304 стр. ;
Dimensions 21 см.
504 ## - BIBLIOGRAPHY, ETC. NOTE
Bibliography, etc. note Цитируемая литер., 277-290
504 ## - BIBLIOGRAPHY, ETC. NOTE
Bibliography, etc. note Предметный указатель, 291-297
504 ## - BIBLIOGRAPHY, ETC. NOTE
Bibliography, etc. note Именной указатель, 298-302
650 14 - SUBJECT ADDED ENTRY--TOPICAL TERM
Topical term or geographic name entry element Философия
General subdivision Монография
710 2# - ADDED ENTRY--CORPORATE NAME
Corporate name or jurisdiction name as entry element Երևանի պետական համալսարան
Holdings
Withdrawn status Lost status Source of classification or shelving scheme Damaged status Not for loan Collection Home library Current library Date acquired Total checkouts Full call number Barcode Date last seen Price effective from Koha item type Public note
    Universal Decimal Classification     General Fundamental Scientific Library Fundamental Scientific Library 22/12/2016   PII/424167 FL0439071 22/12/2016 22/12/2016 Գրքեր / Books 30 Days Loan
    Universal Decimal Classification     General Fundamental Scientific Library Fundamental Scientific Library 18/08/2017   PII/438772 FL0457871 18/08/2017 18/08/2017 Գրքեր / Books 30 Days Loan


ՀՀ ԳԱԱ հիմնարար գիտական գրադարան
ՀՀ,Երևան 0019
Մարշալ Բաղրամյան 24/6
հեռախոս:(374-10) 52-47-50
Հետադարձ կապ

All site content, except where otherwise noted, is licensed under a
Creative Commons License